北海道の公立高校 - Statistics

General Stats
  • This quiz has been taken 139 times
  • The average score is 67 of 220
Answer Stats
振興局 高校 % Correct
石狩 札幌東
85%
石狩 札幌北
85%
石狩 札幌西
83%
石狩 札幌南
82%
空知 滝川
68%
上川 旭川東
68%
根室 根室
67%
上川 旭川北
65%
上川 旭川南
64%
宗谷 稚内
63%
上川 旭川西
62%
上川 富良野
59%
留萌 留萌
59%
石狩 千歳
58%
石狩 北広島
56%
上川 名寄
56%
日高 日高
54%
函館 長万部
54%
空知 夕張
53%
空知 砂川
53%
胆振 苫小牧東
53%
上川 上川
51%
根室 中標津
51%
石狩 江別
50%
根室 標津
50%
空知 岩見沢東
49%
後志 倶知安
49%
胆振 鵡川
49%
上川 旭川商業
49%
オホーツク 紋別
49%
根室 別海
49%
函館 八雲
47%
函館 江差
47%
上川 旭川工業
47%
宗谷 豊富
47%
釧路 釧路工業
47%
空知 岩見沢西
46%
オホーツク 斜里
46%
後志 ニセコ
45%
胆振 苫小牧西
45%
函館 函館西
45%
函館
45%
オホーツク 遠軽
45%
空知 芦別
44%
空知 深川西
44%
上川 美瑛
44%
十勝 帯広柏葉
44%
十勝 池田
44%
空知 深川東
42%
留萌 天塩
42%
釧路 釧路商業
42%
空知 栗山
41%
石狩 当別
41%
函館 松前
41%
上川 上富良野
41%
宗谷 浜頓別
41%
十勝 帯広農業
41%
空知 三笠
40%
石狩 札幌工業
40%
留萌 羽幌
40%
宗谷 枝幸
40%
オホーツク 興部
40%
釧路 釧路湖陵
40%
石狩 大麻
38%
日高 えりも
38%
函館 七飯
38%
上川 旭川農業
38%
オホーツク 北見工業
38%
十勝 帯広工業
38%
釧路 白糠
38%
根室 羅臼
38%
石狩 札幌月寒
37%
上川 美深
37%
十勝 清水
37%
十勝 芽室
37%
十勝 広尾
37%
石狩 札幌手稲
36%
胆振 室蘭工業
36%
日高 浦河
36%
釧路 標茶
36%
石狩 札幌白石
35%
胆振 苫小牧工業
35%
函館 知内
35%
上川 幌加内
35%
十勝 上士幌
35%
十勝 大樹
35%
十勝 足寄
35%
後志 小樽潮陵
33%
宗谷 礼文
33%
十勝 鹿追
33%
釧路 釧路東
33%
空知 月形
32%
空知 滝川西
32%
胆振 苫小牧南
32%
函館 函館中部
32%
上川 東川
32%
オホーツク 北見商業
32%
十勝 士幌
32%
釧路 弟子屈
32%
石狩 恵庭南
31%
石狩 恵庭北
31%
函館 函館工業
31%
函館 上磯
31%
上川 剣淵
31%
宗谷 利尻
31%
オホーツク 佐呂間
31%
十勝 本別
31%
石狩 札幌厚別
29%
後志 蘭越
29%
函館 奥尻
29%
オホーツク 雄武
29%
十勝 音更
29%
胆振 厚真
28%
日高 静内
28%
上川 鷹栖
28%
オホーツク 北見北斗
28%
オホーツク 湧別
28%
オホーツク 大空
28%
十勝 帯広三条
28%
石狩 札幌国際情報
27%
石狩 野幌
27%
後志 岩内
27%
函館 函館商業
27%
函館 上ノ国
27%
上川 南富良野
27%
石狩 市立札幌旭丘
26%
後志 寿都
26%
釧路 阿寒
26%
空知 長沼
24%
石狩 札幌北陵
24%
石狩 札幌西陵
24%
胆振 室蘭栄
24%
日高 平取
24%
オホーツク 留辺蘂
24%
オホーツク 美幌
24%
オホーツク 清里
24%
オホーツク 訓子府
24%
石狩 札幌南陵
23%
胆振 虻田
23%
胆振 追分
23%
オホーツク 津別
23%
オホーツク 置戸
23%
石狩 札幌東陵
22%
石狩 札幌平岡
22%
石狩 石狩南
22%
函館 函館水産
22%
釧路 霧多布
22%
空知 岩見沢農業
21%
函館 市立函館
21%
オホーツク 北見柏陽
21%
空知 滝川工業
19%
石狩 北広島西
19%
石狩 市立札幌清田
19%
後志 真狩
19%
後志 留寿都
19%
胆振 壮瞥
19%
石狩 札幌あすかぜ
18%
後志 小樽水産
18%
オホーツク 常呂
18%
石狩 札幌真栄
17%
上川 士別翔雲
17%
留萌 天売
17%
釧路 釧路江南
17%
根室 中標津農業
17%
石狩 札幌啓成
15%
石狩 札幌東豊
15%
石狩 市立札幌新川
15%
石狩 市立札幌藻岩
15%
上川 おといねっぷ美術工芸
15%
オホーツク 網走南ケ丘
15%
石狩 石狩翔陽
14%
日高 富川
14%
日高 静内農業
14%
上川 下川商業
14%
留萌 遠別農業
14%
十勝 更別農業
14%
十勝 帯広南商業
14%
空知 奈井江商業
13%
石狩 札幌丘珠
13%
石狩 札幌稲雲
13%
石狩 札幌白陵
13%
石狩 市立札幌大通
13%
函館 南茅部
13%
函館 大野農業
13%
上川 旭川永嶺
13%
上川 富良野緑峰
13%
石狩 札幌東商業
12%
石狩 札幌琴似工業
12%
後志 倶知安農業
12%
胆振 白老東
12%
胆振 穂別
12%
留萌 苫前商業
12%
釧路 釧路北陽
12%
石狩 札幌英藍
10%
石狩 市立札幌平岸
10%
後志 小樽桜陽
10%
函館 福島商業
9%
上川 士別東
9%
オホーツク 北見緑陵
9%
空知 美唄尚栄
8%
空知 美唄聖華
8%
空知 新十津川農業
8%
石狩 千歳北陽
8%
石狩 市立札幌啓北商業
8%
後志 小樽未来創造
8%
後志 余市紅志
8%
上川 名寄産業
8%
オホーツク 網走桂陽
8%
十勝 帯広緑陽
8%
十勝 幕別清陵
8%
釧路 釧路明輝
8%
釧路 厚岸翔洋
8%
空知 岩見沢緑陵
6%
胆振 室蘭清水丘
5%
胆振 登別青嶺
5%
函館 檜山北
5%
石狩 有朋
4%
胆振 室蘭東翔
4%
胆振 苫小牧総合経済
4%
胆振 伊達開来
4%
No matching quizzes found
Score Distribution
Percent of People with Each Score
Percentile by Number Answered
Your Score History
You have not taken this quiz